Dark Souls 3 Quiz - Statistics

General Stats
  • This quiz has been taken 276 times
  • The average score is 8 of 11
Answer Stats
Question Answer % Correct
Which character is not in DS3 Ranni the Witch
97%
Which name is spelled correctly Slave Knight Gael
96%
Which NPC lets you level up Fire Keeper
94%
Which location is incorrect Grand Palace
92%
Which name is spelled correctly Greirat of the Undead Settlement
85%
Which covenant is not in DS3 Red Sentinels
79%
Which one is not a boss soul weapon Black Knight Greatsword
75%
What year was Dark Souls 3 released 2016
68%
Which NPC is not in DS3 Tired Preacher Ordric
57%
Which one is not a burial gift Gold pine resin
47%
Which of these classes are not in DS3 Bandit
26%
No matching quizzes found
Score Distribution
Percent of People with Each Score
Percentile by Number Answered
Your Score History
You have not taken this quiz